00893 2200193 4500245003000000020002200030250001100052100001500063700001600078700002800094650004300122005001900165260003900184041001400223084000800237300002500245500042000270336000900690 aInfernocBrown, DanhText a978-602-7888-55-5 aCet. 1 aBrown, Dan aTim Redaksi aIngrid Dwijani Nimpoeno aNovel Inggris (dalam Bahasa Indonesia) a20231106090321 aYogyakartabPenerbit Bentangc2013 aIndonesia a823 a644 hlm. :c23.5 cm. aTengah malam. Robert Langdon terbangun di rumah sakit dan syok saat mendapati dirinya ada di Florence, Italia. Padahal, ingatan terakhirnya adalah berjalan pulang setelah memberi kuliah di Harvard. Belum sempat Langdon memahami keganjalan ini, dunianya meledak dalam kekacauan. Di depan mata, dokter yang merawatnya ditembak mati. Langdon berhasil lolos berkat Sienna Brooks, seorang dokter muda yang penuh rahasia. atext